Múa dân gian các dân tộc Việt Nam
Lý luận về múa dân gian Việt Nam. Các điệu múa dân gian của các dân tộc Việt Nam: dân tộc Thái, Tày, Dao, Chăm, Giarai, Êđê, Khơme
Đã lưu trong:
| Tác giả chính: | |
|---|---|
| Định dạng: | Sách |
| Năm xuất bản: |
H.
Thời đại
2013
|
| Chủ đề: | |
| Tags: |
Thêm thẻ
Không có thẻ, Hãy là người đầu tiên gắn thẻ bản ghi này!
|
| LEADER | 00837nam a2200181 4500 | ||
|---|---|---|---|
| 082 | |a 394 |b L119T | ||
| 100 | |a Lâm Tô Lộc | ||
| 245 | |a Múa dân gian các dân tộc Việt Nam |c Lâm Tô Lộc | ||
| 260 | |a H. |b Thời đại |c 2013 | ||
| 300 | |a 155 tr. |c 21 cm. | ||
| 500 | |a Đầu trang tên sách ghi: Hội Văn nghệ dân gian Việt Nam. | ||
| 520 | |a Lý luận về múa dân gian Việt Nam. Các điệu múa dân gian của các dân tộc Việt Nam: dân tộc Thái, Tày, Dao, Chăm, Giarai, Êđê, Khơme | ||
| 653 | |a Văn hóa dân gian | ||
| 653 | |a Múa dân gian | ||
| 653 | |a Việt Nam | ||
| 942 | |2 ddc |c SH | ||
| 999 | |c 1468 |d 1468 | ||
| 952 | |0 0 |1 0 |2 ddc |4 0 |6 394_000000000000000_L119T |7 0 |8 300 |9 25958 |a qbu |b qbu |c D2 |d 2014-12-09 |g 50000 |l 1 |o 394 L119T |p 351.c1 |r 2016-12-20 |s 2016-12-05 |w 2014-12-09 |y SH |0 0 |6 394_000000000000000_L119T | ||